000 00524nam a2200169Ia 4500
999 _c14968
_d14968
003 OSt
005 20231227160751.0
008 190216s9999||||xx |||||||||||||| ||und||
040 _coclc
082 _a822.33
_bSHA/J
100 1 _aShakespeare, William,
_d1564-1616
_vAdaptations
_974
245 0 _aJulius Caesar /
_cWilliam Shakespeare
260 _bOxford University Press,
_c1987.
_acalicut university:
300 _a445p
650 _aEnglish Drama
942 _cBK
_2ddc
_h822.33
_iSHA/J
_k822.33
_mSHA/J